000 00932nam a2200265 a 4500
001 23973
003 CO-ViMGA
008 141112s2004 ck r 000 u spa d
020 _a843422139X
040 _aCO-ViMGA
_bspa
_cCO-ViMGA
082 0 4 _aI 372.5 G153a
100 1 _aGalera i Bassachs, Anna
_934822
245 1 0 _aActividades creativas para la educación infantil /
_cAnna Galera i Bassachs, Monica Martini i Garbayo, Isabel Sanz Muelas
250 _a
260 _aEspaña :
_bparramon
300 _a5v.
490 _aManitas
505 _av. 1. Primavera - - v. 2. Otoño - - v. 3. Verano - - v. 4. Invierno - - v. 5. Fiestas
650 1 4 _a2 : ACTIVIDADES CREATIVAS Y TRABAJOS DE CLASE
_934823
650 1 4 _a3 : educación PREEESCOLAR
_934824
650 1 4 _a4 : TRABAJOS MANUALES
_934825
650 1 4 _aeducación DE NIÑOS
_912915
700 1 _aMartini i Garbayo, Monica, Sanz Muelas
_934826
942 _2ddc
_cBK
999 _c32035
_d32035